LEADER 01485nam 2200457 450 001 9910792976703321 005 20230807213430.0 010 $a92-0-117819-0 035 $a(CKB)3710000001364548 035 $a(MiAaPQ)EBC4853255 035 $a(Au-PeEL)EBL4853255 035 $a(CaPaEBR)ebr11384184 035 $a(OCoLC)927111961 035 $a(EXLCZ)993710000001364548 100 $a20170602h20152015 uy 0 101 0 $aeng 135 $aurcnu|||||||| 181 $2rdacontent 182 $2rdamedia 183 $2rdacarrier 200 10$aAccident monitoring systems for nuclear power plants /$fInternational Atomic Energy Agency 210 1$aVienna, [Austria] :$cInternational Atomic Energy Agency,$d2015. 210 4$dİ2015 215 $a1 online resource (100 pages) $cillustrations 225 1 $aIAEA Nuclear Energy Series ;$vNumber NP-T-3.16 311 $a92-0-110414-6 410 0$aIAEA nuclear energy series ;$vNumber NP-T-3.16. 606 $aNuclear power plants$xSafety measures 606 $aNuclear power plants$xAccidents 606 $aNuclear reactor accidents 615 0$aNuclear power plants$xSafety measures. 615 0$aNuclear power plants$xAccidents. 615 0$aNuclear reactor accidents. 676 $a621.4835 801 0$bMiAaPQ 801 1$bMiAaPQ 801 2$bMiAaPQ 906 $aBOOK 912 $a9910792976703321 996 $aAccident monitoring systems for nuclear power plants$93714230 997 $aUNINA LEADER 03630nam 22007095 450 001 9910484848003321 005 20251113203721.0 010 $a3-030-68502-0 024 7 $a10.1007/978-3-030-68502-7 035 $a(CKB)4100000011918732 035 $a(DE-He213)978-3-030-68502-7 035 $a(MiAaPQ)EBC6611791 035 $a(Au-PeEL)EBL6611791 035 $a(OCoLC)1251449099 035 $a(PPN)255886993 035 $a(EXLCZ)994100000011918732 100 $a20210510d2021 u| 0 101 0 $aeng 135 $aurnn|008mamaa 181 $ctxt$2rdacontent 182 $cc$2rdamedia 183 $acr$2rdacarrier 200 10$aClean Coal Technologies $eBeneficiation, Utilization, Transport Phenomena and Prospective /$fedited by Rajesh Kumar Jyothi, Pankaj Kumar Parhi 205 $a1st ed. 2021. 210 1$aCham :$cSpringer International Publishing :$cImprint: Springer,$d2021. 215 $a1 online resource (XXIII, 657 p. 180 illus., 126 illus. in color.) 311 08$a3-030-68501-2 320 $aIncludes bibliographical references and index. 327 $aNatural dispersant in the stabilization of high concentration coal water slurry -- Synergestic effect of natural and synthetic mixed surfactant system in the stabilization of high concentration coal water slurry -- Effect of surfactants in the stabilization and transportation of fly ash-water slurry -- Bulk utilization of fly ash in mining sector -- Biodesulfurisation of coal using biotechnological approach, making coal a less harmful fuel -- Beneficiation of coal through combined Biological and Hydrometallurgical approaches: A prospective to produce quality, clean and less hazardous coal -- Biochar, Production for Green Environment. 330 $aThis book presents the state of art of the several advanced approaches to beneficiation of coal. The influence of recent technology attains the advantages of processing coal, purification studies, rheological behavior, and the mineral beneficiation. The experts collected in this volume have contributed significantly to the enrichment in the in depth knowledge not only in context of working knowledge, but also future prospects of clean coal technology. Describes mineral beneficiation of coal through physical-chemical processes; Examines rheological behavior and pipeline transport of coal water slurry resulting in reduction of overall transportation cost of coal; Illustrates synergistic effect of natural and synthetic mixed surfactant system in the stabilization of high concentration coal water slurry. 606 $aCogeneration of electric power and heat 606 $aFossil fuels 606 $aElectric power-plants 606 $aBioclimatology 606 $aElectric power distribution 606 $aPollution 606 $aFossil Fuel 606 $aPower Stations 606 $aClimate Change Ecology 606 $aEnergy Grids and Networks 606 $aPollution 615 0$aCogeneration of electric power and heat. 615 0$aFossil fuels. 615 0$aElectric power-plants. 615 0$aBioclimatology. 615 0$aElectric power distribution. 615 0$aPollution. 615 14$aFossil Fuel. 615 24$aPower Stations. 615 24$aClimate Change Ecology. 615 24$aEnergy Grids and Networks. 615 24$aPollution. 676 $a662.62 702 $aParhi$b Pankaj Kumar 702 $aJyothi$b Rajesh Kumar 801 0$bMiAaPQ 801 1$bMiAaPQ 801 2$bMiAaPQ 906 $aBOOK 912 $a9910484848003321 996 $aClean Coal Technologies$91985014 997 $aUNINA